000 00329nam a2200145Ia 4500
003 OSt
005 20240213143940.0
008 170524s9999 xx 000 0 und d
020 _a978-0195671537
040 _cIIMT
100 _aKUMAR-R
245 0 _aCONCRETE TECHNOLOGY
260 _bNEW DELHI: VAYU EDUCATION
942 _2ddc
_c02
999 _c7585
_d7585